00376nam a2200121Ia 4500008004100000245011300041260001700154260000900171300000900180650002300189650001200212856003000224170516s9999 xx 000 0 und d aBiodegradable Nitrogen-Doped Carbon Nanodots for Non-Invasive Photoacoustic Imaging and Photothermal Therapy bTheranostics c2016 a6:12 xMedical Technology xMedtech uhttp://www.thno.org/v6i12